Which One Doesn't Belong #2 - Statistics

General Stats
  • This quiz has been taken 37,592 times
    37,553 since last reset
  • The average score is 11 of 18
Answer Stats
Question Answer % Correct
Cities Auckland
87%
Anatomy Cochlea
87%
Music instruments Clarinet
78%
Words Benign
74%
Historical people Michelangelo
72%
Historical leaders Rameses
68%
Plays Pygmalion
67%
Singers Ed Sheeran
66%
Languages Hungarian
65%
Letters Aleph
64%
Islands Mindanao
63%
Painters Botticelli
62%
Movies The Hunt For Red October
59%
Living things Coral
58%
U.S. cities Minneapolis
53%
Rock musicians Keith Moon
49%
Japanese movies Akira
43%
British leaders William Wilberforce
28%
No matching quizzes found
Score Distribution
Percent of People with Each Score
Percentile by Number Answered
Your Score History
You have not taken this quiz since the last reset